Het Calvinisme in Nederland. (Record no. 37351)

MARC details
000 -LEADER
fixed length control field 00411cam a22001697 4500
001 - CONTROL NUMBER
control field ltf90011645
003 - CONTROL NUMBER IDENTIFIER
control field DLC
005 - DATE AND TIME OF LATEST TRANSACTION
control field 20260227111550.0
008 - FIXED-LENGTH DATA ELEMENTS--GENERAL INFORMATION
fixed length control field 901108s1949 ne 000 0 dut
010 ## - LIBRARY OF CONGRESS CONTROL NUMBER
LC control number ltf90011645
040 ## - CATALOGING SOURCE
Original cataloging agency DLC
Transcribing agency DLC
Modifying agency DLC
050 00 - LIBRARY OF CONGRESS CALL NUMBER
Classification number 4BX 1485
100 1# - MAIN ENTRY--PERSONAL NAME
Personal name Nauta, Doede,
Dates associated with a name 1898-
245 14 - TITLE STATEMENT
Title Het Calvinisme in Nederland.
260 ## - PUBLICATION, DISTRIBUTION, ETC.
Place of publication, distribution, etc. Franeker,
Name of publisher, distributor, etc. T. Wever,
Date of publication, distribution, etc. 1949.
300 ## - PHYSICAL DESCRIPTION
Extent 115 p.

No items available.

Powered by Koha